Introducción al uso de la matemática en el análisis económico (Registro nro. 5341)

Detalles MARC
000 -LEADER
fixed length control field 01058 a2200241 4500
001 - CONTROL NUMBER
control field 54073
005 - DATE AND TIME OF LATEST TRANSACTION
control field 20260407155811.0
008 - FIXED-LENGTH DATA ELEMENTS--GENERAL INFORMATION
fixed length control field 260407a1970 arg spa d
003 - CONTROL NUMBER IDENTIFIER
control field AR-UNSa-BCEJYS
040 ## - CATALOGING SOURCE
Original cataloging agency AR-UNSa-BCEJYS
Language of cataloging spa
Transcribing agency AR-UNSa-BCEJYS
080 ## - UNIVERSAL DECIMAL CLASSIFICATION NUMBER
Universal Decimal Classification number 330.4
Common auxiliary subdivision Economía matemática
041 ## - LANGUAGE CODE
Language code of text/sound track or separate title spa
100 1# - MAIN ENTRY--PERSONAL NAME
Personal name Huang, David S.
245 10 - TITLE STATEMENT
Title Introducción al uso de la matemática en el análisis económico
264 #1 - PRODUCTION, PUBLICATION, DISTRIBUTION, MANUFACTURE, AND COPYRIGHT NOTICE
Place of production, publication, distribution, manufacture México :
Name of producer, publisher, distributor, manufacturer Siglo Veintiuno editores
Date of production, publication, distribution, manufacture, or copyright notice 1970
300 ## - PHYSICAL DESCRIPTION
Extent xi, 354 p.
Dimensions 21 cm.
505 ## - FORMATTED CONTENTS NOTE
Formatted contents note 1. Introducción – 2. Algunos conceptos e instrumentos elementales – 3. Funciones, límites y derivadas – 4. Técnicas de diferenciación – 5. Derivación parcial – 6. Elementos e integración – 7. Ecuaciones en diferencias y diferenciales – 8. Vectores y matrices – 9. Sistemas de ecuaciones lineales – 10. Otras aplicaciones del álgebra de matrices.
590 ## - LOCAL NOTE (RLIN)
Local note niveau_biblio:m niveau_hierar:0
700 1# - ADDED ENTRY--PERSONAL NAME
Personal name Cárdenas, Guillermo
700 1# - ADDED ENTRY--PERSONAL NAME
Personal name Orive, Diana
700 1# - ADDED ENTRY--PERSONAL NAME
Personal name Sandoval, Elena
942 ## - ADDED ENTRY ELEMENTS (KOHA)
Koha item type
Existencias
Withdrawn status Lost status Damaged status Not for loan Home library Current library Shelving location Date acquired Total checkouts Full call number Barcode Date last seen Price effective from Koha item type
        Biblioteca Prof. Eusebio Cleto del Rey Biblioteca Prof. Eusebio Cleto del Rey   07/04/2026   330.4 H874 L23192 07/04/2026 07/04/2026 Libro